Statistics for 1M Cities on the Map of China, with hints appearing on dots

Click here to take the quiz!

General Stats

  • This quiz has been taken 710 times
  • The average score is 39 of 103

Answer Stats

City % Correct
Shanghai (Cha-ton-)
98%
Beijing (Tia-din-an)
98%
Hong Kong (Zhu-zho-hou)
95%
Guangzhou (Qin-hai-u)
95%
Tianjin (Tan-jin-g)
91%
Xi'an (Bao-yan-g)
91%
Wuhan (Xia-cha-g)
88%
Chengdu (Mia-cho-ing)
88%
Ürümqi (Xin-zho-an)
86%
Chongqing (Nan-yi-u)
86%
Nanjing (Ma'-nji-ou)
85%
Harbin (Daq-in-hun)
85%
Xiamen (Put-nto-)
83%
Qingdao (Riz-fan-)
78%
Hangzhou (Cix-ngs-)
77%
Shenyang (Ben-han-u)
76%
Dalian (Yan-hua-u)
72%
Kunming (Gui-yi-g)
66%
Zhengzhou (Kai-xia-o)
65%
Wenzhou (Can-u-)
62%
Changsha (Xia-zho-ng)
62%
Hefei (Hua-ans-)
61%
Fuzhou (Put-gna-)
61%
Shantou (Xia-zho-ong)
60%
Nanning (Liu-nji-g)
57%
Wuxi (Cha-ngy-hu)
56%
Changshu (Wux-ngy-ai)
55%
Ningbo (Cix-gzh-ai)
51%
Lanzhou (Xin-chu-)
47%
Jinan (Tai-o-)
47%
Changchun (Jil-bin-ng)
46%
Taiyuan (Shi-gta-)
45%
Shijiazhuang (Xin-din-)
44%
Haikou (Zha-min-g)
42%
Nanchang (Wuh-zho-ha)
39%
Jilin (Cha-bin-)
39%
Zibo (Wei-an-)
37%
Cixi (Nin-gzh-ai)
35%
Baotou (Huh-ong-n)
35%
Guiyang (Zun-ngq-u)
35%
Huhehot (Bao-ong-iak)
34%
Anshan (Ben-nya-u)
33%
Qiqihar (Daq-bin-hun)
31%
Changzhou (Jia-i-ang)
31%
Xuzhou (Hua-ing-)
31%
Daqing (Qiq-bin-hun)
30%
Baoding (Shi-jin-n)
29%
Yantai (Dal-gda-g)
29%
Xining (Lan-chu-)
28%
Luoyang (Jia-ngz-ng)
28%
Guilin (Liu-gya-an)
27%
Taizhou (Yan-nji-in)
27%
Zhuhai (Hon-ngz-u)
26%
Kaifeng (Zhe-xia-o)
26%
Tangshan (Tia-hua-g)
26%
Huizhou (Hon-ngz-)
26%
Yinchuan (Lan-tou-)
25%
Linyi (Lia-hao-)
24%
Weifang (Zib-gda-)
24%
Putian (Fuz-men-n)
24%
Wuhu (Ma'-jin-)
23%
Nantong (Jia-i-hu)
23%
Datong (Zha-eho-g)
23%
Liuzhou (Gui-nin-g)
22%
Yangzhou (Zhe-zho-g)
22%
Yiwu (Han-zho-n)
22%
Zhuzhou (Xia-ngs-ng)
21%
Anyang (Han-xia-i)
21%
Handan (Xin-ang-ng)
20%
Nanchong (Cho-nya-u)
20%
Benxi (She-han-u)
20%
Zhanjiang (Mao-kou-g)
19%
Maoming (Zha-kou-g)
18%
Tai'an (Jin-ing-)
18%
Qinhuangdao (Tan-zho-)
18%
Huai'an (Yan-nyu-ou)
18%
Baoji (Xi'-zho-ng)
18%
Rizhao (Lia-gda-)
17%
Zhangjiakou (Bei-ong-g)
17%
Yichang (Xia-zho-g)
17%
Mianyang (Che-cho-ing)
16%
Zunyi (Gui-ngq-ng)
16%
Jinzhou (Ans-hua-ng)
16%
Chifeng (Jin-hua-an)
16%
Hengyang (Xia-zho-ha)
16%
Huainan (Ben-ei-i)
16%
Jining (Tai-hou-)
16%
Nanyang (Xia-yan-hou)
16%
Ma'anshan (Wuh-jin-ang)
15%
Yancheng (Tai-i'a-ou)
15%
Lianyungang (Lin-hao-n)
15%
Xiangyang (Nan-han-)
15%
Xinxiang (Jia-ngz-g)
14%
Huaibei (Xuz-gbu-n)
14%
Zhenjiang (Yan-zho-g)
14%
Wanzhou (Nan-ngq-g)
14%
Xingtai (Han-ang-zhu)
13%
Xiangtan (Zhu-ngs-ng)
13%
Bengbu (Hua-ei-i)
13%
Jiangyin (Cha-i-g)
12%
Cangnan (Wen-u-)
12%
Qingyuan (Gua-zho-)
11%
Jiaozuo (Xin-ngz-g)
11%

Score Distribution

Percentile by Number Answered

Percent of People with Each Score

Your Score History

You have not taken this quiz